000 00890nam a2200241 a 4500
001 000027512
003 DO-SdBNP
005 20241021124911.0
008 110215s1993 dr a 000 0 spa d
040 _aDO-SdBNP
_bspa
_cBNPHU
049 _aBNPD
082 4 _a972.9381
_bS715h
_222
100 1 _aSosa Jiménez, Manuel Antonio
_954595
245 1 3 _aEl Hato Mayor del Rey /
_cManuel Antonio Sosa Jiménez.
246 0 3 _aHato Mayor del Rey, su sitial en la historia dominicana
260 _aSanto Domingo :
_bTaller,
_c1993.
300 _a622 p. ;
_c23 cm.
500 _aIncluye referencias bibliográficas y notas al pie de las páginas
650 7 _aCiudades y pueblos
_z República Dominicana
_zHato Mayor del Rey
_2LEMB
_986744
651 7 _aHato Mayor del Rey (República Dominicana)
_xHistoria local
_954596
_2LEMB
910 _aValidado. Control de calidad MFF
942 _2ddc
_cLBS1
999 _c27004
_d27004